Graphics shaders : (Record no. 3126)
[ view plain ]
| 000 -LEADER | |
|---|---|
| fixed length control field | 00807nam a22002297a 4500 |
| 003 - CONTROL NUMBER IDENTIFIER | |
| control field | OSt |
| 005 - DATE AND TIME OF LATEST TRANSACTION | |
| control field | 20160624181141.0 |
| 008 - FIXED-LENGTH DATA ELEMENTS--GENERAL INFORMATION | |
| fixed length control field | 160624b xxu||||| |||| 00| 0 eng d |
| 020 ## - INTERNATIONAL STANDARD BOOK NUMBER | |
| International Standard Book Number | 978-1-56881-334-9 (alk. paper) |
| 040 ## - CATALOGING SOURCE | |
| Transcribing agency | LIC |
| 082 ## - DEWEY DECIMAL CLASSIFICATION NUMBER | |
| Edition number | 2009 |
| Classification number | DC 006.6 |
| Item number | B15g |
| 100 ## - MAIN ENTRY--PERSONAL NAME | |
| 9 (RLIN) | 10431 |
| Personal name | Bailey, Michael (Michael John), |
| Dates associated with a name | 1953- |
| 245 ## - TITLE STATEMENT | |
| Title | Graphics shaders : |
| Remainder of title | theory and practice / |
| Statement of responsibility, etc. | Mike Bailey, Steve Cunningham |
| 260 ## - PUBLICATION, DISTRIBUTION, ETC. (IMPRINT) | |
| Place of publication, distribution, etc. | Wellesley, Mass. : |
| Name of publisher, distributor, etc. | A K Peters, Ltd., |
| Date of publication, distribution, etc. | c2009. |
| 300 ## - PHYSICAL DESCRIPTION | |
| Extent | xxvii, 391 pages : |
| Other physical details | illustrations (chiefly colored); |
| Dimensions | 25 cm. |
| 500 ## - GENERAL NOTE | |
| General note | Includes bibliographical references and index. |
| 650 #0 - SUBJECT ADDED ENTRY--TOPICAL TERM | |
| 9 (RLIN) | 10432 |
| Topical term or geographic name as entry element | Computer graphics |
| 650 #0 - SUBJECT ADDED ENTRY--TOPICAL TERM | |
| 9 (RLIN) | 10433 |
| Topical term or geographic name as entry element | OpenGL |
| 650 #0 - SUBJECT ADDED ENTRY--TOPICAL TERM | |
| 9 (RLIN) | 10434 |
| Topical term or geographic name as entry element | Three-dimensional display systems |
| 700 ## - ADDED ENTRY--PERSONAL NAME | |
| 9 (RLIN) | 10435 |
| Personal name | Cunningham, Steve |
| 942 ## - ADDED ENTRY ELEMENTS (KOHA) | |
| Source of classification or shelving scheme | Dewey Decimal Classification |
| Koha item type | Circulation |
| Withdrawn status | Lost status | Source of classification or shelving scheme | Damaged status | Not for loan | Collection code | Home library | Current library | Date acquired | Source of acquisition | Total Checkouts | Full call number | Barcode | Date last seen | Copy number | Price effective from | Koha item type |
|---|---|---|---|---|---|---|---|---|---|---|---|---|---|---|---|---|
| Dewey Decimal Classification | Circulation | UM Digos College - LIC | UM Digos College - LIC | 09/18/2009 | Purchased | DC 006.6 B15g 2009 | 20444 | 05/15/2025 | 1 | 06/24/2016 | Circulation |
